Smart things to know about partnerships / (Record no. 5362)
[ view plain ]
| 000 -LEADER | |
|---|---|
| fixed length control field | 00533cac a22001811u 4500 |
| 090 ## - LOCALLY ASSIGNED LC-TYPE CALL NUMBER (OCLC); LOCAL CALL NUMBER (OCLC) | |
| -- | 5362 |
| 008 - FIXED-LENGTH DATA ELEMENTS--GENERAL INFORMATION | |
| fixed length control field | 090105t 2001xxu||||| |||| 00| 0 eng d |
| 010 ## - LIBRARY OF CONGRESS CONTROL NUMBER | |
| LC control number | 010765663 |
| 020 ## - INTERNATIONAL STANDARD BOOK NUMBER | |
| International Standard Book Number | 1841121126 (pbk.) |
| 082 ## - DEWEY DECIMAL CLASSIFICATION NUMBER | |
| Classification number | 658.042 |
| Item number | MAR |
| 100 ## - MAIN ENTRY--PERSONAL NAME | |
| Personal name | Mariotti, John L., |
| 245 ## - TITLE STATEMENT | |
| Title | Smart things to know about partnerships / |
| Statement of responsibility, etc | John Mariotti. |
| 260 ## - PUBLICATION, DISTRIBUTION, ETC. (IMPRINT) | |
| Place of publication, distribution, etc | Oxford : |
| Name of publisher, distributor, etc | Capstone, |
| Date of publication, distribution, etc | c.2001. |
| 260 ## - PUBLICATION, DISTRIBUTION, ETC. (IMPRINT) | |
| Name of publisher, distributor, etc | Distributer : Al Ahram. |
| 300 ## - PHYSICAL DESCRIPTION | |
| Extent | xx, 218 p. ; |
| Other physical details | 21 cm. |
| 490 ## - Series Statement | |
| Series statement | ( Instant knowledge) |
| 942 ## - ADDED ENTRY ELEMENTS (KOHA) | |
| Item type | Book - Borrowing |
| Call number prefix | 658.042 MAR |
| Source of classification or shelving scheme | Dewey Decimal Classification |
| Withdrawn status | Item status | Source of classification or shelving scheme | Damaged status | Not for loan | Home library | Current library | Shelving location | Date acquired | Source of acquisition | Total Checkouts | Total Renewals | Full call number | Barcode | Date last seen | Date last borrowed | Koha item type |
|---|---|---|---|---|---|---|---|---|---|---|---|---|---|---|---|---|
| Dewey Decimal Classification | Central Library | Central Library | First floor | 14/11/2007 | Purchase | 1 | 3 | 658.042 MAR | 000006746 | 15/07/2025 | 22/03/2015 | Book - Borrowing |